[Event "LSS OP-2009-0-00735"]
[Site "LSS email"]
[Date "2009.02.02"]
[Round "?"]
[White "Csaba, Fodor"]
[Black "Di Maio, Marco"]
[Result "1-0"]
[WhiteElo "1438"]
[BlackElo "800"]
[PlyCount "39"]
[EventDate "2009.01.30"]
[EventType "tourn (corr)"]
[EventRounds "4"]
[EventCountry "GER"]
[SourceTitle "Corr 2011"]
[Source "ChessBase"]
[SourceDate "2010.08.31"]
[SourceVersion "1"]
[SourceVersionDate "2010.08.31"]
[SourceQuality "1"]

1. e4 e5 2. Nf3 Nc6 3. Bb5 Nf6 4. 0-0 d5 5. Nxe5 Nxe4 6. Nxc6 bxc6 7. Bxc6+ Bd7 8. Bxa8 Qxa8 9. Re1 Bc5 10. Nc3 0-0 11. Nxe4 dxe4 12. d4 Bb6 13. Be3 c5 14. dxc5 Ba5 15. c3 f5 16. Qxd7 Rd8 17. Qxf5 g6 18. Qe6+ Kh8 19. Bh6 e3 20. Qf6+ 1-0